000
00175nam a2200073Ia 4500
008
170817s9999 xx 000 0 und d
100
_a
R. A. SHARMA
245
0
_a
SHIKSHA TAKNIKI
260
_b
INTERNATNEL MEERUT
999
_c
36084
_d
36084